000 003590000a22001570004500
003 LK-CoMWRAF
008 230817t ||||| |||| 00| 0 eng d
040 _aLK-CoMWRAF
_dLK-CoMWRAF
_eLK-CoMWRAF
041 _aeng
082 _a166
_bFAM
245 _aThe family code of the philippines
_b
260 _b
_a
_c
300 _ap.77
650 _aLaw
942 _cBK
999 _c3103
_d3103